Nine Theories on East Asian Confucianism (Chinese Edition) / (Record no. 591831)

000 -LEADER
fixed length control field 00403nam a22001337a 4500
020 ## - INTERNATIONAL STANDARD BOOK NUMBER
International Standard Book Number 9787108029690
082 ## - DEWEY DECIMAL CLASSIFICATION NUMBER
Classification number 181.11
Author Mark CHE
100 ## - MAIN ENTRY--PERSONAL NAME
Personal name Chen, Lai
245 ## - TITLE STATEMENT
Title Nine Theories on East Asian Confucianism (Chinese Edition) /
Statement of responsibility, etc. Lai Chen
260 ## - PUBLICATION, DISTRIBUTION, ETC.
Place of publication, distribution, etc. China :
Name of publisher, distributor, etc. SDX Joint Publication Company,
Date of publication, distribution, etc. 2008.
300 ## - PHYSICAL DESCRIPTION
Extent 230 p. ;
Dimensions 19 cm.
880 ## - ALTERNATE GRAPHIC REPRESENTATION
Linkage 245-02\r
Title 东亚儒学九论 /
942 ## - ADDED ENTRY ELEMENTS (KOHA)
Source of classification or shelving scheme
Koha item type Book
Holdings
Withdrawn status Lost status Source of classification or shelving scheme Damaged status Not for loan Permanent Location Current Location Shelving location Date acquired Source of acquisition Total Checkouts Full call number Barcode Date last seen Price effective from Koha item type
          Central Library (CL) Central Library (CL) Chinese Studies 10/14/2022 Donated by China Embassy   181.11 CHE CL-D-1904 10/14/2022 10/14/2022 Book
© 2023 Central Library, National University of Sciences and Technology. All Rights Reserved.